| 000 | 00662nam a2200193 i 4500 | ||
|---|---|---|---|
| 001 | 85972 | ||
| 003 | ES-MaACL | ||
| 005 | 20230906175341.0 | ||
| 007 | t| | ||
| 008 | 041203s1932 xxu ||||1| spa d | ||
| 100 | 1 |
_aKelly, John Eoghan. _967790 |
|
| 245 | 1 | 0 |
_aPedro de Alvarado, conquistador / _cby John Eoghan Kelly. |
| 260 |
_aPrinceton : _bUniversity Press, _c1932. |
||
| 300 |
_aVIII, 279 p. : _b1 retr. ; _c23 cm. |
||
| 600 | 0 | 4 |
_aAlvarado, Pedro de. _920595 |
| 651 | 4 |
_aGuatemala- _xHistoria- _y1523-1524, Descubrimiento y conquista. _9147904 |
|
| 651 | 4 |
_aMéxico- _xHistoria- _y1517-1521, Descubrimiento y conquista. _9136484 |
|
| 852 |
_aES-MaACL _jA-1760 |
||
| 999 |
_c85972 _d85972 |
||